[Event "Women's Speed Chess Q5"]
[Site "chess.com INT"]
[Date "2021.06.04"]
[Round "8"]
[White "Arpita, Mukherjee"]
[Black "Li, Xueyi"]
[Result "0-1"]
[WhiteTitle "WIM"]
[BlackTitle "WGM"]
[WhiteElo "2206"]
[BlackElo "2303"]
[WhiteFideId "5056403"]
[BlackFideId "8605912"]
[EventDate "2021.06.04"]

1. e4 c6 2. d4 d5 3. e5 Bf5 4. Nf3 e6 5. Be2 Ne7 6. O-O c5 7. dxc5 Nec6 8. Be3
Nd7 9. Bb5 Bxc5 10. Bxc5 Nxc5 11. Nd4 O-O 12. Bxc6 bxc6 13. Nxf5 exf5 14. c3 f4
15. Nd2 Nd3 16. Nf3 Nxb2 17. Qd2 Nc4 18. Qxf4 Qe7 19. Rfe1 c5 20. Rad1 Rad8 21.
Nh4 g6 22. Rd3 f6 23. e6 Rd6 24. Rg3 Rxe6 25. Rxe6 Qxe6 26. h3 Qe1+ 27. Kh2 Nd2
28. Rd3 Nf1+ 29. Kg1 Ng3+ 30. Kh2 Ne2 0-1

[Event "Women's Speed Chess Q5"]
[Site "chess.com INT"]
[Date "2021.06.04"]
[Round "8"]
[White "Morris-Suzuki, Sophie"]
[Black "Petrova, Irina"]
[Result "1-0"]
[WhiteTitle "WFM"]
[BlackTitle "WIM"]
[WhiteElo "2043"]
[BlackElo "2110"]
[WhiteFideId "30922615"]
[BlackFideId "14124122"]
[EventDate "2021.06.04"]

1. e4 d6 2. d4 Nf6 3. Nc3 e5 4. Nf3 Nbd7 5. Bc4 Be7 6. O-O O-O 7. h3 c6 8. a4 h6
9. Ba2 Re8 10. dxe5 dxe5 11. Nh4 Nc5 12. Qf3 Be6 13. Rd1 Qb6 14. Bxe6 Nxe6 15.
a5 Qc7 16. Nf5 Kh7 17. Be3 Ng8 18. Ne2 Bf8 19. Neg3 g6 20. Nh4 Rad8 21. Bxa7
Rxd1+ 22. Rxd1 Nf4 23. Qb3 Re6 24. Bb6 Qe7 25. Nf3 Nf6 26. Bd8 Qc5 27. Qxb7 Kg7
28. Rd2 Qxa5 29. Bxa5 1-0

[Event "Women's Speed Chess Q5"]
[Site "chess.com INT"]
[Date "2021.06.04"]
[Round "8"]
[White "Kotepalli, Sai Nirupama"]
[Black "Avramidou, Anastasia"]
[Result "0-1"]
[WhiteTitle "WFM"]
[BlackTitle "FM"]
[WhiteElo "1914"]
[BlackElo "2238"]
[WhiteFideId "5039444"]
[BlackFideId "4239873"]
[EventDate "2021.06.04"]

1. e4 e6 2. d3 d5 3. Nd2 c5 4. Ngf3 Nc6 5. g3 Nf6 6. Bg2 Be7 7. O-O O-O 8. e5
Nd7 9. Qe2 b5 10. c3 a5 11. a3 Ba6 12. Re1 b4 13. Nf1 bxc3 14. bxc3 Rb8 15. Qc2
Qb6 16. Bf4 Qb3 17. Qd2 Qb2 18. Red1 Qxd2 19. Rxd2 Rb3 20. c4 h6 21. cxd5 exd5
22. Ne1 Nb6 23. g4 g5 24. Bg3 Rd8 25. Ne3 Bf8 26. Nf5 Nd4 27. Nxd4 cxd4 28. Nf3
Bc5 29. Rc2 Na4 30. Nd2 Rc3 31. Rxc3 dxc3 32. Nb3 Bxd3 33. Nxc5 Nxc5 34. Rc1 d4
35. f4 Be4 36. f5 Bxg2 37. Kxg2 d3 38. Rxc3 d2 39. Rxc5 d1=Q 40. e6 fxe6 41.
fxe6 Qxg4 42. e7 Qe4+ 0-1

[Event "Women's Speed Chess Q5"]
[Site "chess.com INT"]
[Date "2021.06.04"]
[Round "8"]
[White "Koridze, Lile"]
[Black "Zawadzka, Jolanta"]
[Result "0-1"]
[WhiteTitle "WFM"]
[BlackTitle "WGM"]
[WhiteElo "2016"]
[BlackElo "2403"]
[WhiteFideId "13612514"]
[BlackFideId "1122320"]
[EventDate "2021.06.04"]

1. d4 d5 2. c4 e6 3. Nf3 Nf6 4. g3 Bb4+ 5. Bd2 Be7 6. Bg2 O-O 7. O-O Nbd7 8. Qc2
Ne4 9. Bf4 c6 10. Rd1 f5 11. Nc3 Nxc3 12. Qxc3 g5 13. Be5 g4 14. Ne1 Nxe5 15.
dxe5 Qb6 16. Nd3 Bd7 17. Nf4 Bg5 18. cxd5 cxd5 19. Nxd5 exd5 20. Bxd5+ Be6 21.
Bxe6+ Qxe6 22. Rd6 Qe7 23. Rad1 Rfd8 24. Qd3 Qxe5 25. Qc4+ Kh8 26. Rd7 Rac8 27.
Rxd8+ Rxd8 28. Rxd8+ Bxd8 29. Qc8 Qd5 30. Qb8 a6 31. b3 Kg7 32. Qf4 Bf6 33. Qc7+
Kg6 34. Qc8 Qd1+ 35. Kg2 Qxe2 36. Qg8+ Bg7 37. Qc8 Qe4+ 38. Kg1 h5 39. Qc7 h4
40. gxh4 f4 41. Qc8 f3 42. Qc1 Kh7 43. Qd1 b5 44. a4 b4 45. Qc1 Qd3 0-1

[Event "Women's Speed Chess Q5"]
[Site "chess.com INT"]
[Date "2021.06.04"]
[Round "8"]
[White "Zaichenko, Daria"]
[Black "Campos, Maria Jose"]
[Result "1-0"]
[WhiteTitle "WFM"]
[BlackTitle "WFM"]
[WhiteElo "2104"]
[BlackElo "2133"]
[WhiteFideId "4197453"]
[BlackFideId "146803"]
[EventDate "2021.06.04"]

1. e4 e5 2. Nf3 Nc6 3. Bc4 Bc5 4. d3 Nf6 5. c3 d6 6. Bb3 h6 7. h3 a6 8. Nbd2 Ba7
9. O-O Ne7 10. Bc2 Ng6 11. d4 O-O 12. Nc4 Be6 13. Ne3 c6 14. Nf5 Re8 15. Re1 Qd7
16. dxe5 dxe5 17. Qxd7 Nxd7 18. Nd6 Reb8 19. Be3 Kf8 20. Rad1 Nf4 21. Bxf4 exf4
22. e5 Nb6 23. Nd4 Bxa2 24. b3 Nd5 25. Rd3 Bxd4 26. Rxd4 Nxc3 27. Rxf4 a5 28. e6
Ke7 29. Nf5+ Kf8 30. e7+ Kg8 31. Nd6 Nd5 32. Ra4 Nb4 33. e8=Q+ Rxe8 34. Rxe8+
Rxe8 35. Nxe8 b6 36. Nd6 b5 37. Rxa5 1-0

[Event "Women's Speed Chess Q5"]
[Site "chess.com INT"]
[Date "2021.06.04"]
[Round "8"]
[White "Dordzhieva, Dinara"]
[Black "Nomin-Erdene, Davaademberel"]
[Result "1-0"]
[WhiteTitle "WGM"]
[BlackTitle "IM"]
[WhiteElo "2311"]
[BlackElo "2382"]
[WhiteFideId "24157570"]
[BlackFideId "4900782"]
[EventDate "2021.06.04"]

1. Nf3 f5 2. d3 d6 3. e4 e5 4. exf5 Bxf5 5. Nc3 Nc6 6. Be2 Nf6 7. d4 exd4 8.
Nxd4 Nxd4 9. Qxd4 Be7 10. Nd5 O-O 11. O-O Nxd5 12. Qxd5+ Kh8 13. Qxb7 Bxc2 14.
Qc6 Bf5 15. Bd2 Bf6 16. Bc3 Rb8 17. Rac1 Rb6 18. Qa4 Bxc3 19. bxc3 Qg5 20. Rfe1
Bh3 21. Bf1 a5 22. Re8 Rb8 23. Rce1 h6 24. Rxb8 Rxb8 25. Re8+ Rxe8 26. Qxe8+ Kh7
27. Qf7 Bf5 28. Qxc7 Qc1 29. Qc4 Bg6 30. h3 d5 31. Qd4 Qc2 32. a4 1-0

[Event "Women's Speed Chess Q5"]
[Site "chess.com INT"]
[Date "2021.06.04"]
[Round "8"]
[White "Mohota, Nisha"]
[Black "Sikorova, Olga"]
[Result "0-1"]
[WhiteTitle "IM"]
[BlackTitle "WGM"]
[WhiteElo "2195"]
[BlackElo "2215"]
[WhiteFideId "5004330"]
[BlackFideId "307033"]
[EventDate "2021.06.04"]

1. b3 b6 2. Bb2 Bb7 3. Nf3 c5 4. c4 Nf6 5. e3 g6 6. Bxf6 exf6 7. Nc3 Bg7 8. Be2
O-O 9. O-O f5 10. d4 d6 11. Rc1 Nc6 12. dxc5 dxc5 13. Nb5 Ne5 14. Nxe5 Bxe5 15.
Bf3 Bxf3 16. Qxf3 a6 17. Nc3 Bxc3 18. Rxc3 Qd2 19. Rfc1 Rad8 20. R3c2 Qd6 21. h4
Rd7 22. h5 Rfd8 23. g3 a5 24. h6 Qf6 25. Kg2 Qe5 26. Rh1 Qe4 27. Qxe4 fxe4 28.
Rh4 f5 29. g4 Kf7 30. gxf5 gxf5 31. Rh1 Rg8+ 32. Kh2 Rd6 0-1

[Event "Women's Speed Chess Q5"]
[Site "chess.com INT"]
[Date "2021.06.04"]
[Round "8"]
[White "Franco Valencia, Angela"]
[Black "Ziegenfuss, Antonia"]
[Result "1-0"]
[WhiteTitle "WIM"]
[BlackTitle "WFM"]
[WhiteElo "2089"]
[BlackElo "2157"]
[WhiteFideId "4403070"]
[BlackFideId "12962554"]
[EventDate "2021.06.04"]

1. e4 c5 2. Nf3 e6 3. d4 cxd4 4. Nxd4 Nc6 5. Nc3 Qc7 6. g3 a6 7. Bg2 Nf6 8. O-O
Nxd4 9. Qxd4 Bc5 10. Qd3 d6 11. Bg5 Nd7 12. Rad1 Ne5 13. Qe2 Nc4 14. b3 Ne5 15.
Na4 h6 16. Bc1 O-O 17. Kh1 b5 18. Nxc5 Qxc5 19. f4 Ng6 20. Bb2 Bb7 21. Rd2 Rfe8
22. Rfd1 Rad8 23. Qg4 h5 24. Qh3 h4 25. Qg4 Kh7 26. gxh4 e5 27. Qf5 Bc8 28. Qh5+
Kg8 29. Rf1 Qe3 30. Re2 Nxf4 31. Qxf7+ Kxf7 32. Rxe3 Rh8 33. Rc3 Rxh4 34. Rc7+
Ke6 35. Rxg7 Rdh8 36. Kg1 Rxh2 37. Bc1 Ne2+ 38. Kf2 Nxc1 39. Rxc1 Rf8+ 40. Kg3 1-0

[Event "Women's Speed Chess Q5"]
[Site "chess.com INT"]
[Date "2021.06.04"]
[Round "8"]
[White "Farhat Willemstein, Stela Souza"]
[Black "Zaksaite, Salomeja"]
[Result "0-1"]
[WhiteTitle "WFM"]
[BlackTitle "WIM"]
[WhiteElo "1758"]
[BlackElo "2202"]
[WhiteFideId "2109808"]
[BlackFideId "12801496"]
[EventDate "2021.06.04"]

1. g3 Nf6 2. Bg2 g6 3. Nf3 Bg7 4. O-O O-O 5. b3 d6 6. Bb2 e5 7. d3 h6 8. Nbd2
Be6 9. e4 c6 10. Re1 Nbd7 11. Rc1 Nh7 12. Nc4 Qc7 13. Ne3 f5 14. exf5 gxf5 15.
Nh4 f4 16. Nf1 Ng5 17. Qh5 Qb6 18. gxf4 Rxf4 19. Ne3 Bf7 20. Ng6 Nf6 21. Ne7+
Kf8 22. Ng6+ Ke8 23. Nxf4 Nxh5 24. Nxh5 Bxh5 25. Nf5 Kf8 26. Nxd6 Qc7 27. Nf5
Nf3+ 28. Bxf3 Bxf3 29. Re3 Bg4 30. Nxg7 Qxg7 31. Bxe5 Qd7 32. Re4 Re8 33. Rce1
Bf5 34. Bg7+ Qxg7+ 0-1

[Event "Women's Speed Chess Q5"]
[Site "chess.com INT"]
[Date "2021.06.04"]
[Round "8"]
[White "Kanyamarala, Trisha"]
[Black "Agrest, Inna"]
[Result "0-1"]
[WhiteTitle "WIM"]
[BlackTitle "WIM"]
[WhiteElo "2180"]
[BlackElo "2285"]
[WhiteFideId "45004722"]
[BlackFideId "1708830"]
[EventDate "2021.06.04"]

1. d4 Nf6 2. c4 g6 3. Nc3 Bg7 4. e4 d6 5. Nf3 O-O 6. Be2 Nbd7 7. Qc2 e5 8. O-O
exd4 9. Nxd4 Re8 10. Rd1 a6 11. Be3 Nc5 12. f3 c6 13. b4 Ne6 14. Nb3 Qe7 15.
Rab1 Nh5 16. Bf1 Nhf4 17. Qd2 Qf6 18. Rbc1 Rd8 19. Bb6 Re8 20. a3 h5 21. Qxd6
Qg5 22. g3 h4 23. Bf2 Rd8 24. Qxf4 Nxf4 25. Rxd8+ Qxd8 26. gxf4 Be6 27. e5 Bf5
28. Rd1 Qe7 0-1

[Event "Women's Speed Chess Q5"]
[Site "chess.com INT"]
[Date "2021.06.04"]
[Round "8"]
[White "Mrudul, Dehankar"]
[Black "Kulkarni, Bhakti"]
[Result "1-0"]
[WhiteTitle "WIM"]
[BlackTitle "IM"]
[WhiteElo "2256"]
[BlackElo "2391"]
[WhiteFideId "25096990"]
[BlackFideId "5019516"]
[EventDate "2021.06.04"]

1. e4 c6 2. d4 g6 3. Nd2 d5 4. Ngf3 Bg7 5. e5 Nh6 6. Bd3 O-O 7. c3 f6 8. O-O Nf7
9. Qe2 fxe5 10. Nxe5 Nxe5 11. dxe5 c5 12. f4 Nc6 13. Nf3 Bf5 14. Bxf5 gxf5 15.
Be3 b6 16. b4 cxb4 17. cxb4 Nxb4 18. Nd4 Qd7 19. Rac1 a5 20. a3 Na6 21. Rc6 Rab8
22. Qxa6 Rfc8 23. Rfc1 Rxc6 24. Rxc6 Qd8 25. Nxf5 Qd7 26. e6 Qe8 27. Rc7 Bf6 28.
Qd3 b5 29. Bd4 Rc8 30. Qg3+ Kf8 31. Bxf6 Qg6 32. Rxc8+ Qe8 33. Qg7# 1-0

[Event "Women's Speed Chess Q5"]
[Site "chess.com INT"]
[Date "2021.06.04"]
[Round "8"]
[White "Nanditha, V"]
[Black "Eswaran, Aksithi"]
[Result "1-0"]
[WhiteTitle "WCM"]
[BlackTitle "WCM"]
[WhiteElo "1666"]
[BlackElo "1745"]
[WhiteFideId "46626697"]
[BlackFideId "2083485"]
[EventDate "2021.06.04"]

1. e4 c5 2. Nf3 Nc6 3. Bb5 g6 4. O-O Bg7 5. Re1 d6 6. Bxc6+ bxc6 7. d3 Bg4 8.
Nbd2 e6 9. h3 Bxf3 10. Qxf3 Ne7 11. Nc4 O-O 12. Bg5 d5 13. exd5 cxd5 14. Ne3 Qd7
15. Ng4 Qd6 16. Nh6+ Bxh6 17. Bxh6 Rfe8 18. g4 e5 19. c4 Rad8 20. Rad1 d4 21.
Bg5 Rd7 22. Bf6 Nc6 23. Re4 Re6 24. g5 Rb7 25. b3 Nb4 26. Rh4 Nxa2 27. Qxb7 1-0

[Event "Women's Speed Chess Q5"]
[Site "chess.com INT"]
[Date "2021.06.04"]
[Round "8"]
[White "Papp, Petra"]
[Black "Babiy, Olga"]
[Result "1-0"]
[WhiteTitle "WGM"]
[BlackTitle "WGM"]
[WhiteElo "2336"]
[BlackElo "2280"]
[WhiteFideId "739049"]
[BlackFideId "14117258"]
[EventDate "2021.06.04"]

1. e4 c6 2. d4 d5 3. Nd2 dxe4 4. Nxe4 Nf6 5. Nxf6+ exf6 6. c3 Bd6 7. Bd3 O-O 8.
Ne2 Re8 9. O-O Nd7 10. Ng3 Nf8 11. Ne4 f5 12. Nxd6 Qxd6 13. Qf3 g6 14. Bf4 Qd8
15. Rfe1 Be6 16. Qg3 Qa5 17. Qh4 Nd7 18. Re3 f6 19. Rxe6 Rxe6 20. Bc4 Re8 21.
Re1 g5 22. Qh5 Kg7 23. Bxe6 Qd8 24. Bd6 Nb6 25. Qf7+ Kh8 26. Bc5 Nd5 27. h4 Nf4
28. hxg5 fxg5 29. Qxf5 b6 30. Qe5+ 1-0

[Event "Women's Speed Chess Q5"]
[Site "chess.com INT"]
[Date "2021.06.04"]
[Round "8"]
[White "Linares Napoles, Oleiny"]
[Black "Zakirova, Aisha"]
[Result "0-1"]
[WhiteTitle "WGM"]
[BlackTitle "WCM"]
[WhiteElo "2255"]
[BlackElo "1585"]
[WhiteFideId "3504794"]
[BlackFideId "13719734"]
[EventDate "2021.06.04"]

1. c4 Nf6 2. Nc3 g6 3. g3 Bg7 4. Bg2 O-O 5. d3 e6 6. e4 d6 7. Nge2 c6 8. O-O
Nbd7 9. h3 a6 10. Be3 Rb8 11. Qd2 b5 12. cxb5 axb5 13. b4 c5 14. a3 Ba6 15. Rfd1
Rc8 16. Rac1 Nb6 17. Rb1 Qd7 18. a4 Nxa4 19. Nxa4 bxa4 20. bxc5 dxc5 21. Rb6 Bb7
22. Qa5 Ra8 23. Qxc5 Rfc8 24. Qb4 Bc6 25. Nd4 e5 26. Nxc6 Rxc6 27. Rb7 Rc7 28.
Rb6 a3 29. Ra1 a2 30. Qb3 h5 31. Rxa2 Rxa2 32. Qxa2 Qxd3 33. Qb3 Qe2 0-1

[Event "Women's Speed Chess Q5"]
[Site "chess.com INT"]
[Date "2021.06.04"]
[Round "8"]
[White "Purtseladze, Maka"]
[Black "Arakhamia-Grant, Ketevan"]
[Result "1-0"]
[WhiteTitle "IM"]
[BlackTitle "GM"]
[WhiteElo "2274"]
[BlackElo "2380"]
[WhiteFideId "13602659"]
[BlackFideId "13600168"]
[EventDate "2021.06.04"]

1. b3 Nf6 2. Bb2 g6 3. Bxf6 exf6 4. c4 Bg7 5. Nc3 f5 6. e3 O-O 7. g3 d6 8. Bg2
Nd7 9. Nge2 Nf6 10. Nf4 c6 11. O-O Re8 12. Rc1 a5 13. Qc2 g5 14. Nfe2 Qd7 15. f4
h6 16. Nd4 g4 17. Rfd1 Nh7 18. Na4 Ra6 19. c5 Bxd4 20. exd4 d5 21. Re1 Re6 22.
Re5 Qe8 23. Qxf5 Rxe5 24. Qxe5 Qxe5 25. dxe5 Bf5 26. Nb6 Nf8 27. d4 Ne6 28. Bf1
Nxd4 29. Bxa6 bxa6 30. Kf2 Kf8 31. Rd1 Ne6 32. Nd7+ Ke7 33. Nb8 Nxc5 34. Nxc6+
Kd7 35. Nxa5 Be4 36. Ke3 Kc7 37. Rc1 Kb6 38. b4 Nd3 39. Rc6+ Kb5 40. Rxh6 Nxb4
41. Nb3 Nxa2 42. Nd4+ Ka5 43. f5 1-0

[Event "Women's Speed Chess Q5"]
[Site "chess.com INT"]
[Date "2021.06.04"]
[Round "8"]
[White "Pavlidou, Ekaterini"]
[Black "Sukandar, Irine Kharisma"]
[Result "0-1"]
[WhiteTitle "WIM"]
[BlackTitle "IM"]
[WhiteElo "2157"]
[BlackElo "2413"]
[WhiteFideId "4213262"]
[BlackFideId "7101937"]
[EventDate "2021.06.04"]

1. d4 c5 2. d5 e5 3. c4 d6 4. Nc3 g6 5. e4 Bg7 6. Bd3 Ne7 7. h4 h5 8. Be3 Na6 9.
a3 Bg4 10. f3 Bd7 11. Qd2 f5 12. exf5 gxf5 13. Bg5 f4 14. Bg6+ Kf8 15. Bd3 Qc7
16. O-O-O Nf5 17. Bxf5 Bxf5 18. Nb5 Qb6 19. Ne2 Nc7 20. Nxf4 Nxb5 21. cxb5 Qxb5
22. Ne6+ Kf7 23. g4 Qc4+ 24. Qc3 Qxc3+ 25. bxc3 Bxe6 26. dxe6+ Kxe6 27. c4 Raf8
28. Rd3 hxg4 29. fxg4 Rf2 30. Rhd1 Bf8 31. a4 Rh7 32. R1d2 Rhf7 33. Rxf2 Rxf2
34. Rg3 e4 35. a5 Bg7 36. h5 Rf3 37. Rxf3 exf3 38. Kd2 Bc3+ 39. Ke3 Bxa5 40. h6
Bc3 41. Bd8 Kf7 42. g5 a5 43. Kxf3 a4 44. Kg4 Kg6 45. Bf6 Bxf6 0-1

[Event "Women's Speed Chess Q5"]
[Site "chess.com INT"]
[Date "2021.06.04"]
[Round "8"]
[White "Padmini, Rout"]
[Black "Perez Rodriguez, Jennifer"]
[Result "1-0"]
[WhiteTitle "IM"]
[BlackTitle "WIM"]
[WhiteElo "2370"]
[BlackElo "2251"]
[WhiteFideId "5029295"]
[BlackFideId "3507831"]
[EventDate "2021.06.04"]

1. e4 e5 2. Nf3 Nc6 3. Bc4 Nf6 4. d3 Bc5 5. O-O d6 6. c3 a6 7. a4 Ba7 8. b4 O-O
9. Re1 Ne7 10. Nbd2 Ng6 11. Nf1 h6 12. h3 Re8 13. Ng3 d5 14. Bb3 dxe4 15. dxe4
Be6 16. Bxe6 Rxe6 17. Qc2 Qd7 18. Nf5 Rd8 19. Be3 Bxe3 20. Rxe3 Nf4 21. h4 Ng4
22. Ree1 Qd3 23. Qxd3 Rxd3 24. Rac1 Kf8 25. Nh2 Nxh2 26. Kxh2 Rd2 27. Rf1 h5 28.
Rcd1 Rxd1 29. Rxd1 g6 30. Ne3 Rd6 31. Rxd6 cxd6 32. g3 Ne2 33. Nd1 Ke7 34. Kg2
Ke6 35. Kf3 Nc1 36. Ke3 Nb3 37. Kd3 a5 38. Kc2 axb4 39. Kxb3 bxc3 40. Nxc3 d5
41. Nxd5 f5 42. Nc3 f4 43. Kc4 Kf6 44. Kc5 g5 45. Kb6 fxg3 46. fxg3 gxh4 47.
gxh4 Ke6 48. Kxb7 1-0

[Event "Women's Speed Chess Q5"]
[Site "chess.com INT"]
[Date "2021.06.04"]
[Round "8"]
[White "Vu, Bui Thi Thanh Van"]
[Black "Grigoryan, Meri"]
[Result "1-0"]
[WhiteTitle "WFM"]
[BlackTitle "WFM"]
[WhiteElo "1750"]
[BlackElo "2044"]
[WhiteFideId "12408921"]
[BlackFideId "13300571"]
[EventDate "2021.06.04"]

1. d4 d5 2. Nf3 Nf6 3. e3 c6 4. Bd3 e6 5. Nbd2 Bd6 6. O-O O-O 7. Re1 Bd7 8. e4
dxe4 9. Nxe4 Nxe4 10. Rxe4 f5 11. Re1 Qe8 12. Ne5 Bc8 13. Bf4 Nd7 14. Qf3 Nxe5
15. Bxe5 Bxe5 16. Rxe5 Rf6 17. Rae1 Bd7 18. Bc4 Qf7 19. Bb3 Re8 20. c4 g5 21. h3
h5 22. d5 g4 23. hxg4 hxg4 24. Qf4 Kg7 25. dxe6 Bxe6 26. c5 Rh6 27. Qg5+ Rg6 28.
Qh5 Rh8 29. Bxe6 Rxh5 30. Bxf7 Kxf7 31. Re7+ Kf6 32. R1e6+ Kg5 33. Rxg6+ Kxg6
34. Rxb7 f4 35. b4 a5 36. a3 Rd5 37. Rc7 g3 38. Rxc6+ Kg5 39. Kf1 axb4 40. axb4
Rd1+ 41. Ke2 Rb1 42. fxg3 fxg3 43. Rb6 Kf4 44. Rf6+ Ke5 45. Rg6 Kf4 46. Rh6 Rxb4
47. Rh4+ 1-0

[Event "Women's Speed Chess Q5"]
[Site "chess.com INT"]
[Date "2021.06.04"]
[Round "8"]
[White "Nandhidhaa, P V"]
[Black "Daulyte-Cornette, Deimante"]
[Result "0-1"]
[WhiteTitle "WGM"]
[BlackTitle "IM"]
[WhiteElo "2365"]
[BlackElo "2394"]
[WhiteFideId "5050847"]
[BlackFideId "12802859"]
[EventDate "2021.06.04"]

1. e4 Nf6 2. Nc3 d6 3. d4 e5 4. dxe5 dxe5 5. Qxd8+ Kxd8 6. Bc4 Ke8 7. Bg5 Nbd7
8. Nf3 Bd6 9. Nb5 Nxe4 10. Be3 a6 11. Nxd6+ Nxd6 12. Bb3 b6 13. O-O-O Bb7 14.
Ng5 Bc6 15. f4 h6 16. fxe5 Nxe5 17. Bf4 hxg5 18. Bxe5 Bxg2 19. Rhe1 Kf8 20.
Bxd6+ cxd6 21. Rxd6 Rh6 22. Red1 Rxd6 23. Rxd6 Rb8 24. Rd7 Rb7 25. Rd8+ Ke7 26.
Rd2 Bf3 27. Rd3 g4 28. h3 f5 29. Re3+ Kf6 30. hxg4 Bxg4 31. Re6+ Kg5 32. Kd2 f4
33. Re5+ Kh4 34. Bd5 Rd7 35. c4 g5 36. Re8 Bf3 37. Rh8+ Kg3 38. Rh6 Bxd5 39.
cxd5 Rxd5+ 40. Kc3 f3 41. Rxb6 Rf5 42. Rxa6 f2 43. Ra3 f1=Q 44. Kb4+ Rf3 45.
Rxf3+ Kxf3 46. a4 g4 47. b3 g3 48. a5 g2 49. a6 Qxa6 0-1

[Event "Women's Speed Chess Q5"]
[Site "chess.com INT"]
[Date "2021.06.04"]
[Round "8"]
[White "Buksa, Nataliya"]
[Black "Pandey, Srishti"]
[Result "1-0"]
[WhiteTitle "IM"]
[BlackTitle "WFM"]
[WhiteElo "2413"]
[BlackElo "2026"]
[WhiteFideId "14123622"]
[BlackFideId "35093290"]
[EventDate "2021.06.04"]

1. e4 e6 2. d4 d5 3. Nd2 Nf6 4. e5 Nfd7 5. Bd3 c5 6. c3 Nc6 7. Ngf3 cxd4 8. cxd4
f6 9. exf6 Nxf6 10. O-O Bd6 11. h3 O-O 12. Re1 Qc7 13. Nf1 e5 14. dxe5 Nxe5 15.
Nxe5 Bxe5 16. Bg5 Bd7 17. Rc1 Bc6 18. Bxf6 Bxf6 19. Bb5 Bxb2 20. Rc2 Be5 21. Ne3
Rad8 22. Qh5 g6 23. Qd1 Qd6 24. Bxc6 bxc6 25. Ng4 Bg7 26. Qc1 Rc8 27. Rce2 Qf4
28. Qa3 Bd4 29. Rd1 Bb6 30. Rd3 h5 31. Rf3 Qg5 32. Re5 Rxf3 33. gxf3 Qf4 34. Qd6
Qc1+ 35. Kg2 Qc2 36. Qe6+ Kh7 37. Qd7+ Kg8 38. Qxc8+ Kg7 39. Qd7+ Kf8 40. Re8# 1-0

[Event "Women's Speed Chess Q5"]
[Site "chess.com INT"]
[Date "2021.06.04"]
[Round "8"]
[White "Varney, Zoe"]
[Black "February, Jesse Nikki"]
[Result "1-0"]
[WhiteTitle "WCM"]
[BlackTitle "WIM"]
[WhiteElo "1917"]
[BlackElo "1863"]
[WhiteFideId "436135"]
[BlackFideId "14312336"]
[EventDate "2021.06.04"]

1. e4 e6 2. d4 d5 3. exd5 exd5 4. Nf3 Bd6 5. c4 dxc4 6. Bxc4 Nf6 7. O-O O-O 8.
Nc3 h6 9. Bd3 Bg4 10. Bc2 Nbd7 11. Qd3 c6 12. Re1 Qc7 13. h3 Bh5 14. Bb3 Kh8 15.
Bd2 Bg6 16. Qf1 Rfe8 17. Rxe8+ Rxe8 18. Re1 Bf4 19. Be3 Bxe3 20. fxe3 Qg3 21.
Qf2 Qxf2+ 22. Kxf2 Nb6 23. Nh4 Nbd5 24. Nxg6+ fxg6 25. Bc2 Nxc3 26. bxc3 Ne4+
27. Bxe4 Rxe4 28. Kf3 Re7 29. e4 Rf7+ 30. Ke3 Kg8 31. Re2 Kf8 32. c4 Ke7 33. d5
cxd5 34. cxd5 Kd6 35. Kd4 Rf4 36. g3 Rf3 37. e5+ Kd7 38. Re3 Rf2 39. e6+ Ke7 40.
d6+ Ke8 41. e7 Rd2+ 42. Ke5 Rxa2 43. Rd3 Re2+ 44. Kf4 Rf2+ 45. Ke3 Rf7 46. d7+
Kxe7 47. d8=Q+ Ke6 48. Qd5+ Ke7 49. Qd6+ Ke8 50. Qd8# 1-0

[Event "Women's Speed Chess Q5"]
[Site "chess.com INT"]
[Date "2021.06.04"]
[Round "8"]
[White "Ramirez, Maria Eugenia"]
[Black "Varshini, V"]
[Result "0-1"]
[WhiteTitle "WFM"]
[BlackTitle "WGM"]
[WhiteElo "2057"]
[BlackElo "2226"]
[WhiteFideId "3301680"]
[BlackFideId "5091241"]
[EventDate "2021.06.04"]

1. e4 c5 2. c3 e6 3. d4 d5 4. exd5 Qxd5 5. Nf3 Nf6 6. Be2 Be7 7. O-O O-O 8. Be3
cxd4 9. Qxd4 Qxd4 10. Nxd4 Nd5 11. Bc1 Bd7 12. Nd2 Nc6 13. N2f3 Nxd4 14. Nxd4
Rac8 15. Rd1 Rfd8 16. Bf3 Bf6 17. Bxd5 exd5 18. Be3 a6 19. h3 Be6 20. Rd2 Kf8
21. Re1 Re8 22. f4 Bd7 23. Kf2 Re4 24. Nf3 Bc6 25. g4 h6 26. g5 hxg5 27. fxg5
Be7 28. Bd4 Re8 29. Rde2 Bd8 30. h4 Bc7 31. h5 Bg3+ 32. Kxg3 Rxe2 33. Rxe2 Rxe2
34. h6 Kg8 35. hxg7 Rxb2 36. Nh4 Bd7 37. g6 fxg6 38. Nxg6 Be6 39. Ne7+ Kh7 40.
Kf4 Rxa2 41. Ke5 Bg8 42. Kd6 Rb2 0-1

[Event "Women's Speed Chess Q5"]
[Site "chess.com INT"]
[Date "2021.06.04"]
[Round "8"]
[White "Tsolakidou, Stavroula"]
[Black "Klinova, Masha"]
[Result "1-0"]
[WhiteTitle "IM"]
[BlackTitle "IM"]
[WhiteElo "2379"]
[BlackElo "2275"]
[WhiteFideId "4264312"]
[BlackFideId "2802015"]
[EventDate "2021.06.04"]

1. d4 d6 2. e4 Nf6 3. Nc3 e5 4. Nge2 Be7 5. g3 O-O 6. Bg2 Nc6 7. h3 a6 8. O-O b5
9. d5 Nb8 10. g4 c6 11. Ng3 Bb7 12. g5 Nfd7 13. h4 Nb6 14. Nf5 cxd5 15. exd5
N8d7 16. Ne2 Nc5 17. Neg3 Re8 18. b3 Bf8 19. Nh5 Bc8 20. Ne3 Ra7 21. Ng4 Kh8 22.
Be3 Rc7 23. a4 bxa4 24. b4 Ncd7 25. Be4 Rc4 26. Qf3 Qe7 27. Ng3 g6 28. h5 Rxb4
29. hxg6 fxg6 30. Nf6 Nxf6 31. gxf6 Qf7 32. Kg2 Nc4 33. Rh1 Nxe3+ 34. fxe3 Kg8
35. Rh2 h5 36. Nxh5 gxh5 37. Rxh5 Rxe4 38. Rg5+ Kh7 39. Rh1+ Bh6 40. Qxe4+ Kh8
41. Rxh6+ 1-0

[Event "Women's Speed Chess Q5"]
[Site "chess.com INT"]
[Date "2021.06.04"]
[Round "8"]
[White "Socko, Monika"]
[Black "Mkrtchian, Lilit"]
[Result "0-1"]
[WhiteTitle "GM"]
[BlackTitle "IM"]
[WhiteElo "2393"]
[BlackElo "2388"]
[WhiteFideId "1106619"]
[BlackFideId "13300601"]
[EventDate "2021.06.04"]

1. d4 Nf6 2. c4 c6 3. Nf3 d5 4. Nbd2 Bf5 5. Nh4 Be4 6. f3 Bg6 7. g3 Nbd7 8. Qb3
Qb6 9. Nxg6 hxg6 10. c5 Qxb3 11. Nxb3 e5 12. e3 O-O-O 13. Kf2 g5 14. Be2 b6 15.
cxb6 axb6 16. Bd2 Kb7 17. a4 Ra8 18. a5 b5 19. Kg2 Bd6 20. Rhc1 Ra6 21. e4 dxe4
22. Bxg5 exf3+ 23. Bxf3 e4 24. Be2 Nd5 25. Bd2 f5 26. Rf1 Rf8 27. Rac1 Raa8 28.
Bh5 f4 29. gxf4 Bxf4 30. Bg6 Bxd2 31. Nxd2 Ne3+ 32. Kg3 Nxf1+ 33. Nxf1 Nf6 34.
b4 Rfd8 35. Rd1 Rd5 36. Ne3 Rg5+ 37. Kf4 Rxg6 38. h3 Rh6 39. Kg3 Rah8 40. Rh1
Nd5 41. Nf5 Rg6+ 42. Kf2 Rf8 43. Ke2 Rxf5 44. h4 Rg2+ 45. Ke1 Rf3 46. h5 Ra2 47.
Rh4 Rb3 48. a6+ Kxa6 0-1